Normal view
MARC view
Entry Personal Name
001 - CONTROL NUMBER
- control field: 58802
003 - CONTROL NUMBER IDENTIFIER
- control field: dpl
005 - DATE AND TIME OF LATEST TRANSACTION
- control field: 20231116172103.0
008 - FIXED-LENGTH DATA ELEMENTS
- fixed length control field: 231116|| aca||aabn | a|a d
040 ## - CATALOGING SOURCE
- Original cataloging agency: dpl
- Transcribing agency: dpl
100 ## - HEADING--PERSONAL NAME
- Personal name: Sarvaria, Apoorv
670 ## - SOURCE DATA FOUND
- Source citation: Work cat.: (dpl)199126: Aiyar, S Krishnamurthi 58800, Law Relating to The Negotiable Instruments Act/, 2022
